000 00554nam a2200193 4500
001 120539
003 ES-MaACL
005 20230906191555.0
007 t|
008 070214s1917 fr r ||||1| fre d
100 1 _aPittard, Eugène.
_992428
245 1 3 _aLa Roumanie
_b: ; Valachie ; Moldavie ; Dobroudja /
_cEugène Pittard.
260 _aParis :
_b[s. n.],
_c1917 (
_eChartres :
_fImp. Durand)
300 _a327 p., 32 lám. ;
_c23 x 14 cm.
740 0 _aValachie.
740 0 _aMoldavie.
740 0 _aDobrouja.
852 _aES-MaACL
_jF-11130
999 _c120539
_d120539